Music Quiz

Random Music or Album Quiz

Beatles Songs (Studio Album Tracks) Quiz Stats

 Plays Quiz Updated Jun 14, 2018

     
Support Sporcle.
Go Orange.
Score 0/192 Timer 19:00
62 Plays Today
Song % Correct
Help!
88.8%
Yellow Submarine
85.2%
Yellow Submarine
85.2%
A Hard Day's Night
84.9%
Let It Be
81.2%
Please Please Me
78.8%
Sgt. Pepper's Lonely Hearts Club Band (reprise)
76.7%
Sgt. Pepper's Lonely Hearts Club Band
76.7%
Lucy in the Sky with Diamonds
70.5%
Eleanor Rigby
68.6%
Come Together
68%
Yesterday
67.5%
Magical Mystery Tour
66.3%
Love Me Do
65.8%
With a Little Help from My Friends
65.8%
Strawberry Fields Forever
65.3%
A Day in the Life
65.3%
I Am the Walrus
64.6%
Twist and Shout
64.4%
Back in the U.S.S.R.
63.8%
Here Comes the Sun
63.5%
Penny Lane
62.8%
Something
62.4%
Norwegian Wood (This Bird Has Flown)
62.1%
Taxman
61.2%
Octopus's Garden
61%
All You Need Is Love
60.8%
All You Need Is Love
60.7%
Drive My Car
60.2%
While My Guitar Gently Weeps
59.8%
Blackbird
58.9%
Michelle
58%
Eight Days a Week
57.6%
Dear Prudence
57.5%
Maxwell's Silver Hammer
57.5%
Lovely Rita
57.4%
When I'm Sixty Four
57.3%
Revolution 9
57.3%
I Saw Her Standing There
56.9%
Get Back
56.9%
Helter Skelter
55.5%
The End
55.1%
The Long and Winding Road
54.5%
Across the Universe
54.4%
Can't Buy Me Love
54.1%
Ticket to Ride
53.9%
Being for the Benefit of Mr. Kite
53.7%
Girl
53.3%
Julia
52.9%
Mean Mr. Mustard
52.8%
Hello Goodbye
52.6%
Fixing a Hole
52.5%
Rocky Raccoon
52.4%
I Want You (She's So Heavy)
52.2%
She Came in Through the Bathroom Window
51.9%
In My Life
51.9%
Polythene Pam
51.7%
Revolution 1
51.6%
Ob-La-Di, Ob-La-Da
51.2%
Within You Without You
51.1%
Glass Onion
51.1%
She's Leaving Home
50.7%
The Fool on the Hill
50.4%
Nowhere Man
49.7%
Song % Correct
Golden Slumbers
49.7%
All My Loving
49.5%
Because
49%
Birthday
48.8%
Sun King
48.7%
Carry That Weight
48.6%
Blue Jay Way
48.3%
Getting Better
48%
Happiness Is a Warm Gun
47.6%
Boys
47.5%
Anna (Go to Him)
47.5%
Good Morning Good Morning
47.4%
Oh! Darling
47.3%
Tomorrow Never Knows
47.2%
Doctor Robert
46.4%
And I Love Her
46.2%
Piggies
46.1%
Chains
45.4%
You've Got to Hide Your Love Away
45.3%
Hey Bulldog
45.3%
If I Fell
45.1%
Dig a Pony
45%
Sexy Sadie
44.4%
Why Don't We Do It in the Road?
44.4%
Roll Over Beethoven
44.2%
Honey Pie
44.2%
You Never Give Me Your Money
44.1%
Good Day Sunshine
43.9%
And Your Bird Can Sing
43.8%
Here, There and Everywhere
43.2%
Got to Get You into My Life
42.8%
Good Night
42.8%
I'm Only Sleeping
42.5%
Martha My Dear
42.2%
Run for Your Life
42.2%
I've Just Seen a Face
42%
Two of Us
41.9%
Wild Honey Pie
41.7%
The Continuing Story of Bungalow Bill
41.3%
I'm a Loser
41%
Flying
40.8%
P.S. I Love You
40.8%
Misery
40.7%
Money
40.6%
Do You Want to Know a Secret
40.5%
I Me Mine
40.5%
The Word
40.4%
Your Mother Should Know
40.4%
She Said She Said
40%
Dizzy Miss Lizzy
39.9%
I Will
39.6%
Please Mister Postman
39.3%
For No One
39.1%
Act Naturally
39.1%
No Reply
39.1%
Baby You're a Rich Man
38.7%
Yer Blues
38.5%
Savoy Truffle
38.4%
One After 909
38.3%
Kansas City and Hey, Hey, Hey, Hey
38%
Baby's in Black
37.5%
I'll Follow the Sun
37.4%
A Taste of Honey
37.1%
Love You To
36.8%
Song % Correct
I'm Looking Through You
36.6%
I'm So Tired
36.2%
It Won't Be Long
36.2%
I Should Have Known Better
36.1%
The Night Before
35.8%
Dig It
35.8%
Maggie Mae
35.7%
Everybody's Got Something to Hide Except Me and My Monkey
35.4%
Don't Pass Me By
35.3%
I'm Happy Just to Dance with You
35.3%
Long, Long, Long
35%
All Together Now
34.8%
Rock and Roll Music
34.8%
Another Girl
34.8%
For You Blue
34.7%
Wait
34.7%
You're Going to Lose That Girl
34.6%
Mr. Moonlight
34.3%
Only a Northern Song
34%
Mother Nature's Son
34%
I Need You
33.1%
Till There Was You
33%
Cry Baby Cry
32.8%
Tell Me Why
32.7%
If I Needed Someone
32.5%
Pepperland
32.3%
You Won't See Me
32.3%
I've Got a Feeling
31.6%
I Wanna Be Your Man
31%
Ask Me Why
30.9%
There's a Place
30.7%
Everybody's Trying to Be My Baby
30.6%
Honey Don't
30.4%
Think for Yourself
30.3%
Don't Bother Me
29.7%
You Can't Do That
29.7%
I Don't Want to Spoil the Party
29.3%
I'll Be Back
29.2%
Sea of Holes
29%
Things We Said Today
28.9%
Baby It's You
28.9%
I Want to Tell You
28.8%
Hold Me Tight
28.6%
What Goes On
28.4%
I'll Cry Instead
28%
It's Only Love
27.7%
Sea of Monsters
27.5%
Devil in Her Heart
27%
It's All Too Much
27%
Little Child
26.9%
Sea of Time
26.8%
All I've Got to Do
26.6%
Any Time at All
26.5%
Words of Love
26.3%
You Really Got a Hold on Me
26.3%
Yellow Submarine in Pepperland
25.9%
March of the Meanies
25.8%
You Like Me Too Much
25.6%
When I Get Home
24.5%
Not a Second Time
23.9%
Every Little Thing
23.8%
Pepperland Laid Waste
23.2%
Tell Me What You See
23.1%
What You're Doing
22.8%

From the Vault

Authors Half Off

by MSUKent

We're not sure what happened to these authors, but they probably deserved it.
Remove Ads.
Support Sporcle.
Get the best of Sporcle when you Go Orange. This ad-free experience offers more features, more stats, and more fun while also helping to support Sporcle. Thank you for becoming a member.

Show Comments

Extras

Top Quizzes Today


Score Distribution

Your Account Isn't Verified!

In order to create a playlist on Sporcle, you need to verify the email address you used during registration. Go to your Sporcle Settings to finish the process.

Report this User

Report this user for behavior that violates our Community Guidelines.

Details: